02201nam a2200265 a 450000100100000000500170001000800410002702000150006804000250008308200250010810000280013324500770016126000490023830000280028750000430031550400280035850512450038665000320163165000270166365000340169065000290172465100490175365100800180265100530188200001534020200929164021.0100205s2004 xxua 001 0 spa d a0976481502 aDO-SdBNPbspacBNPHU a304.873097293bP438b1 aPérez P., Pedro Julio13aEl bodeguero y el proceso inmigratorio en América /cPedro J. Pérez. aFiladelfia, Estados Unidos :bMECOMM,c2004. a348 p. :bil. ;c22 cm. aIncluye datos biográficos del autor. aBibliografía: p. 340.0 gIntroducción --tGeneralidades: El surgimiento de las bodegas --tLas bodegas y la primera inmigración: referencias sociológicas sobre Puerto Rico, México y el exilio cubano --tColmados, pulperías, ventorrillos y colmadones --tEl dominicano como inmigrante: conducta y comportamiento --tLos asentamientos: el camino de La Mona y los dominican-yorks --tInfluencias de las organizaciones políticas en la conformación de los grupos de inmigrantes dominicanos --tReferencias esenciales: mapa social en la República Dominicana --tOtros negocios de los inmigrantes dominicanos --tValores humanos del dominicano --tReligión y costumbres del Caribe: la santería --tReligión y costumbres del Caribe: los caballos o montaos; las botánicas y los espíritus. Consultar a los espíritus. Las 21 divisiones del Vudú --tArte y cultura en dominicana. Reservas morales --tEn el fondo de la historia migratoria --tEl otro lado del sueño americano --tReferencias y sugerencias derivadas del estudio de campo realizado entre los bodegueros dominicanos --tAnexos: Informaciones y datos estadísticos --gColofón y notas finales --gApéndices:tGlosario de términos --tExpresiones típicas --tBibliografía. 4aInmigranteszEstados Unidos 4aInteracción cultural 4aDominicanos en estados unidos 4aComerciantes dominicanos 4aEstados UnidosxEmigración E Inmigración 4aRepública DominicanaxEmigración E InmigraciónxAspectos Económicos 4aRepública DominicanaxVida Social Y Costumbres